Interaktívne metódy zobrazovania georeliéfu

Enregistré dans:
Détails bibliographiques
Auteur principal: Mihalčin, Marek (Auteur)
Autres auteurs: Lieskovský, Tibor (Directeur de thèse)
Format: Manuscrit Livre
Langue:slovaque
Publié: 2019
Sujets:
Accès en ligne:http://is.stuba.sk/zp/portal_zp.pl?podrobnosti=144661
https://opac.crzp.sk/?fn=detailBiblioForm&sid=9F8942B94996237AA2F81DF666DC
Tags: Ajouter un tag
Pas de tags, Soyez le premier à ajouter un tag!

MARC

LEADER 00000ntm a22000003a 4500
001 stuzp73453
003 SK-STU
005 20230607112233.0
007 ta
008 150427s2015----xo-----f-mn---000-0-slo-d
040 |a STU  |b slo 
041 0 |a slo 
100 1 |a Mihalčin, Marek  |u 010130  |4 aut  |U SvF Stavebná fakulta  |T SvF Katedra geodetických základov  |X 93431  |U V130  |Y 13  |7 93431 
242 0 1 |a Interactive methods of terrain visualisation  |y eng 
245 1 0 |a Interaktívne metódy zobrazovania georeliéfu 
260 |c 2019 
650 4 |a georeliéf  |2 slo 
650 4 |a interaktívna vizualizácia  |2 slo 
650 4 |a rastrové dáta  |2 slo 
650 4 |a tieňovanie  |2 slo 
650 4 |a terrain  |2 eng 
650 4 |a interactive visualisation  |2 eng 
650 4 |a raster data  |2 eng 
650 4 |a hillshading  |2 eng 
700 1 |a Lieskovský, Tibor  |u 010130  |k Z1  |4 ths  |U SvF Stavebná fakulta  |T SvF Katedra geodetických základov  |X 3805  |U V130  |Y 13  |7 A000003805 
856 4 |u http://is.stuba.sk/zp/portal_zp.pl?podrobnosti=144661 
856 4 |u https://opac.crzp.sk/?fn=detailBiblioForm&sid=9F8942B94996237AA2F81DF666DC